100 Largest US Cities - E - Statistics

General Stats
  • This quiz has been taken 272 times
  • The average score is 24 of 100
Answer Stats
Rank Population City % Correct
1 685,434 El Paso, TX
90%
64 21,607 Evans, CO
71%
3 176,464 Eugene, OR
65%
6 117,817 Evansville, IN
64%
83 14,866 Eden, NC
63%
30 46,087 Everett, MA
59%
8 112,249 Everett, WA
59%
5 130,450 Elizabeth, NJ
56%
45 30,155 Erie, CO
56%
13 93,928 Erie, PA
56%
77 16,871 Easton, MD
54%
52 27,087 Easton, PA
54%
2 179,119 Elk Grove, CA
54%
14 72,439 Evanston, IL
52%
12 96,376 Edmond, OK
46%
4 151,289 Escondido, CA
44%
10 107,438 Edinburg, TX
42%
9 109,567 Elgin, IL
41%
53 26,194 Eureka, CA
41%
15 68,866 Eau Claire, WI
39%
11 102,042 El Cajon, CA
39%
39 32,868 Eagle, ID
34%
26 49,618 Enid, OK
34%
7 115,845 El Monte, CA
33%
27 48,709 East Lansing, MI
31%
56 25,377 East St. Louis, IL
31%
43 30,651 Elizabethtown, KY
30%
69 20,590 Elko, NV
30%
51 27,110 Elmira, NY
30%
17 66,153 Eden Prairie, MN
28%
50 27,577 East Chicago, IN
27%
55 25,731 Edwardsville, IL
25%
16 66,172 Eagan, MN
24%
76 17,155 El Dorado, AR
24%
89 12,948 El Dorado, KS
24%
24 52,328 Elkhart, IN
24%
81 15,626 Elkton, MD
23%
79 16,504 El Segundo, CA
23%
31 45,908 Euclid, OH
23%
28 47,760 East Providence, RI
22%
33 44,059 El Centro, CA
22%
36 35,371 Englewood, CO
22%
49 28,182 Englewood, NJ
22%
87 13,403 Englewood, OH
22%
47 28,830 Enterprise, AL
22%
22 53,711 Edina, MN
21%
92 12,323 Effingham, IL
20%
23 53,677 Elyria, OH
19%
34 42,565 Edmonds, WA
18%
29 47,260 Elmhurst, IL
18%
78 16,730 East Cleveland, OH
17%
19 64,585 East Orange, NJ
17%
67 21,203 Ennis, TX
17%
82 15,619 Easthampton, MA
16%
100 11,723 Elk City, OK
16%
25 50,272 East Hartford, CT
15%
38 34,879 East Point, GA
15%
18 64,841 Eastvale, CA
15%
97 12,040 Emeryville, CA
15%
58 24,428 Emporia, KS
15%
48 28,742 East Haven, CT
14%
74 17,918 Eastlake, OH
14%
75 17,905 Elizabeth City, NC
14%
20 62,627 Encinitas, CA
14%
93 12,260 Endicott, NY
14%
21 57,109 Euless, TX
14%
80 15,869 Edgewood, WA
13%
57 25,310 El Cerrito, CA
13%
65 21,579 Ellensburg, WA
13%
44 30,194 Eagle Pass, TX
12%
59 24,282 Edgewater, FL
12%
84 14,758 Edgewater, NJ
12%
41 31,926 Elk Grove Village, IL
11%
68 20,925 El Reno, OK
11%
32 44,061 Eagle Mountain, UT
10%
62 21,708 Easley, SC
10%
46 28,970 East Palo Alto, CA
10%
70 20,393 East Moline, IL
9%
61 22,384 East Peoria, IL
9%
42 31,685 Eastpointe, MI
9%
54 25,977 Elk River, MN
9%
35 36,161 El Mirage, AZ
8%
95 12,132 East Grand Rapids, MI
7%
66 21,346 East Ridge, TN
7%
88 13,377 Elizabethton, TN
7%
91 12,434 Elon, NC
7%
72 19,556 Erlanger, KY
7%
96 12,108 Escanaba, MI
7%
60 23,850 Elmwood Park, IL
6%
90 12,888 Enumclaw, WA
6%
86 13,842 Ephrata, PA
6%
71 20,197 Eloy, AZ
5%
37 34,897 Estero, FL
5%
63 21,689 Eustis, FL
5%
73 18,861 Evergreen Park, IL
5%
40 32,193 El Paso de Robles, CA
4%
98 12,013 Eatontown, NJ
3%
99 11,909 Excelsior Springs, MO
3%
94 12,186 East Bethel, MN
2%
85 14,411 East Wenatchee, WA
2%
No matching quizzes found
Score Distribution
Percent of People with Each Score
Percentile by Number Answered
Your Score History
You have not taken this quiz